Statistics for Road Trip Across the United States

Click here to take the quiz!

General Stats

  • This quiz has been taken 74 times
  • The average score is 6 of 16

Answers on the Map

Answers color-coded by a green-red scale on the quiz's map according to % correct below.
 

Answer Stats

StateNotable AttractionAnswer% Correct
North CarolinaState Capitol BuildingRaleigh
90%
MissouriGateway ArchSaint Louis
87%
TennesseeHot ChickenNashville
77%
ArkansasA HotelLittle Rock
65%
New MexicoA HotelAlbuquerque
61%
TexasCadillac RanchAmarillo
55%
UtahDelicate ArchMoab
44%
ArizonaAngel ArchGrand Canyon National Park (North Rim)
34%
UtahThe NarrowsZion National Park (Springdale)
27%
UtahNavajo Loop TrailHatch (Bryce Canyon National Park)
23%
ColoradoTrail Ridge RoadEstes Park (Rocky Mountain National Park)
16%
OklahomaOld West TownElk City
10%
KentuckyThe RotundaMammoth Cave National Park (Cave City)
10%
IndianaIndian Hill Overlook ParkNewburgh
10%
IllinoisCahokia MoundsCollinsville
8%
KansasFields...Eudora
5%

Score Distribution

Percentile by Number Answered

Percent of People with Each Score

Your Score History

You have not taken this quiz